| 000 | 06782nam a22006737a 4500 | ||
|---|---|---|---|
| 005 | 20090119143636.0 | ||
| 008 | 090119t xxu||||| |||| 00| 1 eng d | ||
| 010 | _aB-344670-699 | ||
| 020 |
_a8189750607 _c80.00 |
||
| 020 |
_a9788189750602 _c80.00 |
||
| 035 | _aB-344670-699 | ||
| 035 | _aB-357113 | ||
| 035 | _aB-357737 | ||
| 037 | _bDBAD / PUB | ||
| 040 |
_adpl _bEnglish |
||
| 082 | _aS | ||
| 110 | _aillustrated by Neeta Gangopadhya | ||
| 245 |
_aA garland of tales: _cedited by Geeta Menon ; illustrated by Neeta Gangopadhya _bseventeen folk tales / |
||
| 260 |
_aNew Delhi _bChildren Book Trust _c2008 |
||
| 270 |
_aNehru House, 4 Bahadur shah Zafar Marg _bNew Delhi _e110002 |
||
| 300 |
_a96 p. : _c25cm (Hb) _bcol. ill. |
||
| 700 | _aMenon , Geeta | ||
| 700 | _aGangopadhya, Neeta | ||
| 366 | _b2008 | ||
| 942 |
_2ddc _cCH _hS _mGAR |
||
| 999 |
_c21634 _d21634 |
||